Critical factors of mobile payment usage in the unorganized retail sector in Kerala (Record no. 532827)

000 -LEADER
fixed length control field 01472nam a22001457a 4500
008 - FIXED-LENGTH DATA ELEMENTS--GENERAL INFORMATION
fixed length control field 260320b ||||| |||| 00| 0 eng d
100 ## - MAIN ENTRY--PERSONAL NAME
Personal name Kumar, Nisha K. and Yadav, Anitha S.
245 ## - TITLE STATEMENT
Title Critical factors of mobile payment usage in the unorganized retail sector in Kerala
260 ## - PUBLICATION, DISTRIBUTION, ETC. (IMPRINT)
Place of publication, distribution, etc Vikalpa: The Journal for Decision Makers
300 ## - PHYSICAL DESCRIPTION
Extent 50(4), Oct-Dec, 2025: p.351-388
520 ## - SUMMARY, ETC.
Summary, etc Mobile payment is gaining prominence worldwide, from consumers to vendors as a substitute to using money, debit or credit cards. This study intends to examine the significant and insignificant factors determining actual usage of m-payments among the unorganised retail vendors. The data was collected from 281 vendors using a structured questionnaire and SEM analysis explained 64.8% of actual usage. The study found that certain psychological beliefs and sentiments of vendors hinders the m-payment adoption. For researchers this study would provide a much deeper understanding of vendor adoption model as mostly all the studies have focused on customer adoption model.- Reproduced


https://journals.sagepub.com/doi/full/10.1177/02560909251357663?_gl=1*1yde9s0*_up*MQ..*_ga*MTk2NTMzOTAwMi4xNzczOTg2NDE0*_ga_60R758KFDG*czE3NzM5ODY0MTQkbzEkZzEkdDE3NzM5ODY4NTAkajYwJGwwJGgyMDc5MjE3NzA4
650 ## - SUBJECT ADDED ENTRY--TOPICAL TERM
Topical term or geographic name as entry element Digitalization, Digital payments, Unorganized retailers, Technology acceptance model.
9 (RLIN) 59813
773 ## - HOST ITEM ENTRY
Main entry heading Vikalpa: The Journal for Decision Makers
942 ## - ADDED ENTRY ELEMENTS (KOHA)
Item type Articles
Holdings
Withdrawn status Lost status Source of classification or shelving scheme Damaged status Not for loan Permanent location Current location Date acquired Serial Enumeration / chronology Barcode Date last seen Koha item type
          Indian Institute of Public Administration Indian Institute of Public Administration 2026-03-20 50(4), Oct-Dec, 2025: p.351-388 AR138345 2026-03-20 Articles

Powered by Koha